Southville International School and Colleges
Your cart is empty.
  • Cart
  • Lists
    Public lists Eva Luna New books Lux_list list_1
    Your lists Log in to create your own lists
  • Log in to your account
  • Your cookies
  • Search history
Southville International School and Colleges
  • Advanced search
  • Recent comments
  • Most popular
  • Libraries

Log in to your account

Log in with GOOGLE


If you do not have an external account, but do have a local account, you can still log in:

  1. Home
  2. MARC view: The story of Peter Pan /
Normal view MARC view ISBD view

The story of Peter Pan / (Record no. 306578)

[ view plain ]
MARC details
000 -LEADER
fixed length control field 00897nam a2200289Ia 4500
008 - FIXED-LENGTH DATA ELEMENTS--GENERAL INFORMATION
fixed length control field 170203s9999 xx 000 0 und d
020 ## - INTERNATIONAL STANDARD BOOK NUMBER
International Standard Book Number 0-48627294x
050 ## - LIBRARY OF CONGRESS CALL NUMBER
Classification number Fic
050 ## - LIBRARY OF CONGRESS CALL NUMBER
Item number B275s
100 ## - MAIN ENTRY--PERSONAL NAME
Personal name O'Connor, Daniel.
245 #4 - TITLE STATEMENT
Title The story of Peter Pan /
245 ## - TITLE STATEMENT
Statement of responsibility, etc James M. Barrie ; adapted by Daniel O'Connor ; original illustrations by Alice B. Woodward ; full-page plates adapted by Thea Kliros.
260 ## - PUBLICATION, DISTRIBUTION, ETC. (IMPRINT)
Place of publication, distribution, etc New York :
260 ## - PUBLICATION, DISTRIBUTION, ETC. (IMPRINT)
Name of publisher, distributor, etc Dover Publications,
260 ## - PUBLICATION, DISTRIBUTION, ETC. (IMPRINT)
Date of publication, distribution, etc 1992
300 ## - PHYSICAL DESCRIPTION
Extent vi, 90 pages :
300 ## - PHYSICAL DESCRIPTION
Other physical details illustrations ;
300 ## - PHYSICAL DESCRIPTION
Dimensions 22 cm.
440 ## - SERIES STATEMENT/ADDED ENTRY--TITLE
Title Dover children's thrift classics.
500 ## - GENERAL NOTE
General note Fantasy --
650 ## - SUBJECT ADDED ENTRY--TOPICAL TERM
Topical term or geographic name as entry element Children's stories.
650 ## - SUBJECT ADDED ENTRY--TOPICAL TERM
Topical term or geographic name as entry element Juvenile fiction.
650 ## - SUBJECT ADDED ENTRY--TOPICAL TERM
General subdivision English fiction --
650 ## - SUBJECT ADDED ENTRY--TOPICAL TERM
General subdivision Fantasy.
700 ## - ADDED ENTRY--PERSONAL NAME
Personal name Barrie, James M., original author.
700 ## - ADDED ENTRY--PERSONAL NAME
Personal name Woodward, Alice B., original illustrator.
Holdings
Withdrawn status Lost status Damaged status Home library Current library Shelving location Date acquired Total Checkouts Full call number Barcode Date last seen Price effective from Koha item type
      Stonyhurst Southville International School (Batangas) Stonyhurst Southville International School (Batangas)   02/03/2017   Fic .B275s 1992 LS-0424 02/03/2017 02/03/2017 Books

The story of Peter Pan /

APA

O'Connor D., Barrie J. M. o. a. & Woodward A. B. o. i.The story of Peter Pan. New York: .

Chicago

O'Connor Daniel, Barrie James M original author and Woodward Alice B original illustrator.The story of Peter Pan. New York: .

Harvard

O'Connor D., Barrie J. M. o. a. and Woodward A. B. o. i.The story of Peter Pan. New York: .

MLA

O'Connor Daniel, Barrie James M original author and Woodward Alice B original illustrator.New York: . .

  • Place hold
  • Print
  • Cite
  • Add to your cart (remove)
  • Save record
    BIBTEX Dublin Core MARCXML MARC (non-Unicode/MARC-8) MARC (Unicode/UTF-8) MARC (Unicode/UTF-8, Standard) MODS (XML) RIS
  • More searches
    Search for this title in:
    Other Libraries (WorldCat) Other Databases (Google Scholar) Online Stores (Bookfinder.com) Open Library (openlibrary.org)

Exporting to Dublin Core...

SOUTHVILLE LIBRARY

Southville International School and Colleges Library

1281 Tropical Ave. Cor. Luxembourg St., BF Homes International, Las Pinas City

Tel. No. 8256374 / 252358 Loc. 117/146

Powered by Koha